000 00643nam a2200169 a 4500
008 120416s1967 ||||||||||||||||| || u
050 _aHM 131 Etz
100 _aEtzioni, Amitai
245 1 2 _aA comparative analysis of complex organization: on power, involvement and their correlate
260 _aNew York:
_bCollier-MacMillan
_c1967
260 _aNew York:
_bFree Press
_c1967
300 _axx, 366p.
350 _a0.00
650 _aORGANIZATIONAL THEORY
650 _aORGANIZATIONS
995 _D0.00
_FCBU-MAIN LIBRARY (Kitwe)
_H1
_I0.00
_M1
_UAVAILABLE
_ZAnnex Low-Usage Collection
999 _c37998
_d37998